Chance and necessity : an essay on the natural philosophy of modern biology /
Gardado en:
| Autor Principal: | |
|---|---|
| Formato: | Desconocido |
| Idioma: | English |
| Publicado: |
New York :
Vintage Books,
[1972, c1971].
|
| Materias: | |
| Etiquetas: |
Engadir etiqueta
Sen Etiquetas, Sexa o primeiro en etiquetar este rexistro!
|
MARC
| LEADER | 000000000a22000000004500 | ||
|---|---|---|---|
| 001 | 015569 | ||
| 020 | |a 0394718259 | ||
| 041 | 0 | |a eng | |
| 082 | 0 | 4 | |a 574 |b M751c |
| 100 | 1 | |a Monod, Jacques | |
| 245 | 1 | 0 | |a Chance and necessity : |b an essay on the natural philosophy of modern biology / |c Jacques Monod. |
| 260 | 1 | |a New York : |b Vintage Books, |c [1972, c1971]. | |
| 300 | |a xiv, 198 páginas ; |b ilustraciones ; |c 19 cm. | ||
| 650 | 4 | |a FILOSOFIA | |
| 650 | 4 | |a BIOLOGIA | |
| 500 | |a Colección George Yúdice | ||
| 999 | |c 21413 |d 21413 | ||
| 942 | |c BK |h 574 M751c |2 z | ||



